Redención del universo
Saved in:
| Main Authors: | , , |
|---|---|
| Format: | Book |
| Language: | Spanish |
| Published: |
Buenos Aires
Heroica
1960
|
| Series: | Cuadernos Heroica
|
| Subjects: | |
| Tags: |
Add Tag
No Tags, Be the first to tag this record!
|
MARC
| LEADER | 00000nam a2200000 a 4500 | ||
|---|---|---|---|
| 001 | UCT7282 | ||
| 003 | CL-VaPUC | ||
| 008 | 970117e19600000AG |||||||||||||||||spa|d | ||
| 082 | 0 | 4 | |a 234.3 |b RID |2 21 |
| 100 | 0 | |a Rideau, Emile |e author |9 378199 | |
| 700 | 0 | |a Scalvini, Francisco |e author |9 378200 | |
| 700 | 0 | |a Lyonnet, Stanislao |e author |9 378201 | |
| 245 | 1 | 0 | |a Redención del universo |
| 300 | |a 101 p | ||
| 942 | |c BK | ||
| 945 | |d 19970117 00:00:00 |a rbrito | ||
| 260 | |a Buenos Aires |b Heroica |c 1960 | ||
| 650 | 0 | |a Cristianismo |9 257361 | |
| 650 | 0 | |a Alienación |9 313050 | |
| 650 | 7 | |a HOMBRE |2 CL-VaPUC |9 262149 | |
| 650 | 0 | |a Humanismo |9 256530 | |
| 650 | 0 | |a Libertad |9 255686 | |
| 583 | |a last modification |c 19970117 00:00:00 |k Rodrigo Vera | ||
| 490 | 0 | |a Cuadernos Heroica | |
| 999 | |c 255921 |d 255919 | ||
| 952 | |0 0 |1 0 |4 0 |6 234_300000000000000_RID_1960 |7 0 |8 A |9 278411 |a BIBTEO |b BIBTEO |d 2019-11-19 |i 2009951 |o 234.3 RID 1960 |p 2009951 |r 2025-01-17 |w 2019-11-19 |y BK |k ICR | ||
| 952 | |0 0 |1 0 |4 0 |6 234_300000000000000_RID_1960 |7 0 |8 A |9 278412 |a BIBTEO |b BIBTEO |d 2019-11-19 |i 3369897 |o 234.3 RID 1960 |p 3369897 |r 2025-01-17 |w 2019-11-19 |y BK |k ICR | ||